2006-22 17 वर्ष अध्यायवार मुख्य परीक्षा हिन्दी साहित्य प्रश्नोत्तर रूप में : (Record no. 200263)

MARC details
000 -LEADER
fixed length control field 01337nam a22001937a 4500
005 - DATE AND TIME OF LATEST TRANSACTION
control field 20240129113726.0
010 ## - LCCN (DPL NO)
LC control number B-757238-246
020 ## - INTERNATIONAL STANDARD BOOK NUMBER
International Standard Book Number 9788195933402
Terms of availability 550.00
035 ## - SYSTEM CONTROL NUMBER
System control number B-757238-246
037 ## - SOURCE OF ACQUISITION
Source of stock number/acquisition अक्षरेश एंटरप्राइज़ेज़
082 ## - DEWEY DECIMAL CLASSIFICATION NUMBER
Classification number 000
245 ## - TITLE STATEMENT
Title 2006-22 17 वर्ष अध्यायवार मुख्य परीक्षा हिन्दी साहित्य प्रश्नोत्तर रूप में :
Statement of responsibility, etc संपादक एन.एन.ओझा
260 ## - PUBLICATION, DISTRIBUTION, ETC. (IMPRINT)
Place of publication, distribution, etc उत्तर प्रदेश
Name of publisher, distributor, etc क्रॉनिकल पब्लिकेशन प्रा.लि.
Date of publication, distribution, etc 2023
270 ## - ADDRESS
Address ए-27डी, सेक्टर-16, नोएडा
City उत्तर प्रदेश
Postal code 201301
300 ## - PHYSICAL DESCRIPTION
Extent 428पृ.
Dimensions 27सेमी(अजिल्द)
700 ## - ADDED ENTRY--PERSONAL NAME
Personal name ओझा,एन.एन.
Relator term संपादक
9 (RLIN) 61076
942 ## - ADDED ENTRY ELEMENTS (KOHA)
Source of classification or shelving scheme Dewey Decimal Classification
Item type Hindi Books
Classification part 000
Call number suffix हिन्दी
Holdings
Withdrawn status Lost status Not for loan Collection code Home library Current library Date acquired Source of acquisition Cost, normal purchase price Full call number Barcode Copy number Cost, replacement price Koha item type
      Non-fiction Andrews Gunj Andrews Gunj 24/01/2024 अक्षरेश एंटरप्राइज़ेज़/139/13.12.23/63/12.12.23/21.12.23 550.00 000 हिन्दी B-757244 1 550.00 Hindi Books
      Non-fiction Ashok Vihar Ashok Vihar 24/01/2024 अक्षरेश एंटरप्राइज़ेज़/139/13.12.23/63/12.12.23/21.12.23 550.00 000 हिन्दी B-757241 1 550.00 Hindi Books
      Non-fiction Bawana Bawana 24/01/2024 अक्षरेश एंटरप्राइज़ेज़/139/13.12.23/63/12.12.23/21.12.23 550.00 000 हिन्दी B-757246 1 550.00 Hindi Books
      Non-fiction Central Library Central Library 24/01/2024 अक्षरेश एंटरप्राइज़ेज़/139/13.12.23/63/12.12.23/21.12.23 550.00 000 हिन्दी B-757238 1 550.00 Hindi Books
      Non-fiction Mobile Library Mobile Library 24/01/2024 अक्षरेश एंटरप्राइज़ेज़/139/13.12.23/63/12.12.23/21.12.23 550.00 000 हिन्दी B-757239 2 550.00 Hindi Books
      Non-fiction Mobile Library Mobile Library 24/01/2024 अक्षरेश एंटरप्राइज़ेज़/139/13.12.23/63/12.12.23/21.12.23 550.00 000 हिन्दी B-757240 2 550.00 Hindi Books
      Non-fiction Peshwa Road Peshwa Road 24/01/2024 अक्षरेश एंटरप्राइज़ेज़/139/13.12.23/63/12.12.23/21.12.23 550.00 000 हिन्दी B-757242 1 550.00 Hindi Books
      Non-fiction Sarojini Nagar Sarojini Nagar 24/01/2024 अक्षरेश एंटरप्राइज़ेज़/139/13.12.23/63/12.12.23/21.12.23 550.00 000 हिन्दी B-757243 1 550.00 Hindi Books
      Non-fiction Vinoba Puri Vinoba Puri 24/01/2024 अक्षरेश एंटरप्राइज़ेज़/139/13.12.23/63/12.12.23/21.12.23 550.00 000 हिन्दी B-757245 1 550.00 Hindi Books

© Delhi Public Library
Hit Counter
free hit counter